|
|
|
|
| LEADER |
00000nam0a2200000 4500 |
| 001 |
312112 |
| 005 |
20231102002443.0 |
| 020 |
|
|
|a RU
|b 82-41467
|
| 035 |
|
|
|a (RuTPU)RU\TPU\book\337479
|
| 090 |
|
|
|a 312112
|
| 100 |
|
|
|a 20151217d1982 km y0rusy5003 ca
|
| 101 |
0 |
|
|a rus
|
| 102 |
|
|
|a RU
|
| 105 |
|
|
|a ab z 101zy
|
| 200 |
1 |
|
|a Энергетические ресурсы Тихоокеанского региона
|e материалы 14 конгресса, , Хабаровск, 1979 г.
|f Академия наук СССР (АН СССР), Дальневосточное отделение (ДВО), Северо-Восточный комплексный научно-исследовательский институт (СВКНИИ) ; под ред. А. А. Геодекяна, В. В. Иванова
|
| 210 |
|
|
|a Москва
|c Наука
|d 1982
|
| 215 |
|
|
|a 111 с.
|c ил.
|
| 320 |
|
|
|a Библиогр. в конце ст.
|
| 606 |
1 |
|
|a Минеральное сырье
|x Месторождения
|x Оценка
|2 stltpush
|3 (RuTPU)RU\TPU\subj\44020
|9 63408
|
| 610 |
1 |
|
|a Тихоокеанский пояс
|
| 610 |
1 |
|
|a энергетические ресурсы
|
| 610 |
1 |
|
|a энергетические ресурсы
|
| 610 |
1 |
|
|a нефтяные месторождения
|
| 610 |
1 |
|
|a газовые месторождения
|
| 610 |
1 |
|
|a угольные месторождения
|
| 610 |
1 |
|
|a размещение
|
| 610 |
1 |
|
|a использование
|
| 610 |
1 |
|
|a тепловая энергия
|
| 675 |
|
|
|a 553.9.04(063)
|z rus
|v 3
|
| 702 |
|
1 |
|a Геодекян
|b А. А.
|g Артем Арамович
|4 340
|
| 702 |
|
1 |
|a Иванов
|b В. В.
|4 340
|
| 712 |
0 |
2 |
|a Академия наук СССР (АН СССР)
|b Дальневосточное отделение (ДВО)
|b Северо-Восточный комплексный научно-исследовательский институт (СВКНИИ)
|c (Магадан)
|2 stltpush
|3 (RuTPU)RU\TPU\col\12547
|
| 712 |
1 |
2 |
|a Энергетические ресурсы Тихоокеанского региона
|c научный конгресс
|d 14
|e Хабаровск
|f 1979
|4 570
|
| 801 |
|
0 |
|a RU
|b RuMRKP
|c 19950704
|g psbo
|
| 801 |
|
1 |
|a RU
|b 63413507
|c 20151217
|
| 801 |
|
2 |
|a RU
|b 63413507
|c 20191111
|g RCR
|
| 942 |
|
|
|c BK
|